| 000 | 00160nam a22000857a 4500 | ||
|---|---|---|---|
| 999 |
_c23300 _d23300 |
||
| 003 | Nust | ||
| 005 | 20170314134235.0 | ||
| 008 | 170314b xxu||||| |||| 00| 0 eng d | ||
| 010 | _a8923874 | ||
| 020 | _a0849367662 | ||
| 040 |
_aDLC _bDLC _cRCMS |
||
| 082 | _a574.1THO | ||
| 100 | _aRENE THOMAS | ||
| 245 | _aBIOLOGICAL FEEDBACK | ||
| 260 |
_aUSA _bCRC Press _cc1990 |
||
| 300 |
_axiii,316,p: _bill: _c26,cm. |
||
| 650 | _aBiological Control Systems | ||
| 856 | _3Table of Content Only | ||
| 942 |
_cBK _2ddc |
||